01294nam a2200373Ia 450000500170000000700030001700800410002002000180006104000350007904100080011408400110012210000310013324501090016425000220027326400320029530000400032733600270036733700330039433800280042752100610045553400250051665000470054165000450058865000340063365000320066765000250069965000330072465000220075770000390077970000370081870000350085594200150089099900150090520220317000302.0ta210824s2008 sp a0 sba s 1 spa d a9788493618575 aCO-BoRNBPbspaerdacCO-BoRNBP0 aspa aA RAN21 aRand Ozbekhan, Anneautora10aSé muchas cosascAnn Rand Ozbekhan ; ilustrado Paul Rand ; traducido por Carles Andreu y Albert Vitó aPrimera edición 1aMadridbBarbara Fiorec2008 a29 páginasbilustraciones c26 cm atextobtxt2rdacontent asin mediaciónbn2rdamedia avolumenbnc2rdacarrier aRecomendado para un público infantil mayor de 6 años bI know lot of things17aÁlbumes infantiles estadounidenses2LEMB17aLiteratura infantil estadounidense2LEMB17aAutores estadounidenses2LEMB17aConocimientovÁlbum2LEMB14aCosasvÁlbum2LEMB172LEMBaImaginaciónvÁlbum17aCreatividad2LEMB1 aVitó, Albertoetraductor91839881 aAndreu, Carlesetraductor9100001 aRand, Pauleilustrador9183989 2loccBKINF c3619d3619